Ruční pletení /

Hlavní autor: Enochová, Jitka
Další autoři: Simer, Vladimír, 1944-, Stach, Jiří, 1944-, Matějček, Karel
Jazyk: Čeština
Vydáno: Praha : Mona, 1986
Edice: Lotos (Mona)
Témata:
Fyzický popis: 31 s. : obr. (některé barev.), barev. fot. ; 34 cm
Knihy
Uloženo v:
LEADER 01072nam a22003252a 4500
001 001700863
003 CZ BrMZK
005 20190828062006.0
007 ta
008 190810s1986 xr er|||||||||||cze d
015 |a cnb000035245 
020 |q (Brož.) :  |c 10 Kčs 
035 |a (OCoLC)39414681 
040 |a ABA001  |b cze  |d ABA001  |d BOA001 
080 9 |a 746.4 
080 9 |a 687.016.02 
100 1 |a Enochová, Jitka  |4 aut 
245 1 0 |a Ruční pletení /  |c Jitka Enochová ; ilustrace Karel Matějček ; fotografie Vladimír Simer a Jiří Stach 
260 |a Praha :  |b Mona,  |c 1986 
300 |a 31 s. :  |b obr. (některé barev.), barev. fot. ;  |c 34 cm 
490 1 |a Lotos 
655 7 |a příručky  |7 fd133209  |2 czenas 
700 1 |a Simer, Vladimír,  |d 1944-  |7 jo20000082713  |4 ill 
700 1 |a Stach, Jiří,  |d 1944-  |7 jo20000082716  |4 ill 
700 1 |a Matějček, Karel  |4 ill 
830 0 |a Lotos (Mona)  |0 s 
910 |a BOA001  |b X2-0922.907 
990 |a BK 
991 |b 201908 
996 6 |b 2618822043  |c X2-0922.907  |l MZK  |r Sklad / do 24 hodin  |n 0  |w 001747527  |u 000010  |a 1  |e BOA001  |j MZK50  |s P